[Event "Budapest IM-A"]
[Site "Budapest"]
[Date "1990.??.??"]
[Round "4"]
[White "Busch, Klaus"]
[Black "Bacso, Gabor"]
[Result "1-0"]
[WhiteElo "2305"]
[BlackElo "2305"]

1.Nf3 d5 2.c4 e6 3.g3 c6 4.Bg2 f5 5.O-O Nf6 6.d3 Bd6 7.cxd5 exd5 8.Nc3 O-O
9.e4 fxe4 10.dxe4 Nxe4 11.Nxe4 dxe4 12.Ng5 Be7 13.Nxe4 Be6 14.Qxd8 Rxd8 15.Bg5 Re8
16.Bxe7 Rxe7 17.Nc5 b6 18.Nxe6 Rxe6 19.Rfe1 Kf7 20.Rac1 Rf6 21.Re2 a5 22.Rec2 b5
23.Bxc6 Nxc6 24.Rxc6 b4 25.Rxf6+ Kxf6 26.Rc5 h6 27.h4 Ra7 28.Rb5 Ke6 29.a3 bxa3
30.bxa3 Kd6 31.a4 Ke6 32.h5  1-0

[Event "Budapest"]
[Site "Budapest"]
[Date "1990.??.??"]
[Round "5"]
[White "Vadasz, Laszlo"]
[Black "Lukacs, Peter"]
[Result "1/2-1/2"]
[WhiteElo "2345"]
[BlackElo "2505"]

1.Nf3 d5 2.c4 e6 3.g3 dxc4 4.Qa4+ Nd7 5.Bg2 a6 6.Qxc4 b5 7.Qc2 Bb7 8.O-O Ngf6
9.b3 Be7 10.Bb2 O-O 11.d3 c5  1/2-1/2

[Event "Budapest"]
[Site "Budapest"]
[Date "1990.??.??"]
[Round "7"]
[White "Vadasz, Laszlo"]
[Black "Kuporosov, Viktor"]
[Result "1/2-1/2"]
[WhiteElo "2345"]
[BlackElo "2445"]

1.Nf3 d5 2.c4 dxc4 3.Na3 a6 4.Nxc4 b5 5.Ne3 Bb7 6.d4 e6 7.a3 Nf6 8.g3 Nbd7
9.Bg2 c5 10.O-O Be7 11.b3 O-O 12.Bb2 Qb6 13.dxc5 Bxc5 14.Bd4 Rac8 15.b4  1/2-1/2

[Event "Budapest IM-A"]
[Site "Budapest"]
[Date "1990.??.??"]
[Round "9"]
[White "Busch, Klaus"]
[Black "Nikolaev, Sergej"]
[Result "1/2-1/2"]
[WhiteElo "2305"]
[BlackElo "2345"]

1.Nf3 d5 2.c4 e6 3.g3 Nf6 4.Bg2 dxc4 5.Qc2 Nbd7 6.Na3 c5 7.Nxc4 Be7 8.O-O Nb6
9.b3 O-O 10.Bb2 Nbd5 11.Nce5 Bd7 12.a3 Bb5 13.Rfe1 Rc8 14.Rac1 Qd6 15.d4 Qb8
16.Qb1  1/2-1/2

[Event "Spring op"]
[Site "Budapest"]
[Date "1990.??.??"]
[Round "9"]
[White "Ruf, Matthias"]
[Black "Holzke, Frank"]
[Result "0-1"]
[WhiteElo "2295"]
[BlackElo "2395"]

1.Nf3 d5 2.c4 e6 3.g3 Nf6 4.Bg2 Be7 5.O-O O-O 6.b3 c5 7.Bb2 d4 8.e3 Nc6 9.exd4 cxd4
10.d3 e5 11.Re1 Bd6 12.a3 a5 13.c5 Bxc5 14.Nxe5 Nxe5 15.Rxe5 Qd6 16.Qe1 Be6
17.Nd2 Rae8 18.f4 Qb6 19.Ne4 Nxe4 20.Qxe4 f6 21.Rxc5 Qxc5 22.Rc1 Qd6 23.Qxb7 Rc8
24.Re1 Rc2 25.Rxe6 Rxg2+ 26.Kxg2 Qxe6 27.Bxd4 Qe2+ 28.Bf2 Qxd3 29.b4 a4 30.b5 Qxa3
31.b6 Qb3 32.Qc6 a3 33.b7 a2 34.Bd4 a1=Q 35.Bxa1 Qa2+ 36.Kh3 Qxa1 37.Qe6+ Kh8
38.Qd6 Qf1+ 39.Kh4 g5+ 40.fxg5 fxg5+ 41.Kxg5 Rg8+ 42.Kh4 Qc4+ 43.Kh3 Qg4+
44.Kg2 Qe4+  0-1

[Event "Noviki-B"]
[Site "Budapest"]
[Date "1990.??.??"]
[Round "9"]
[White "Stangl, Markus"]
[Black "Cardon, Helmut"]
[Result "1/2-1/2"]
[WhiteElo "2405"]
[BlackElo "2400"]

1.Nf3 d5 2.c4 e6 3.g3 dxc4 4.Qa4+ Nd7 5.Bg2 a6 6.Qxc4 b5 7.Qc2 Bb7 8.O-O Ngf6
9.a4 c5 10.Nc3 Qb6 11.axb5 axb5 12.Rxa8+ Bxa8 13.Ne1 Bxg2 14.Nxg2 Be7 15.Qb3 b4
16.Nd1 O-O  1/2-1/2

[Event "Buenos Aires FMDA"]
[Site "Buenos Aires"]
[Date "1990.??.??"]
[Round "7"]
[White "Negri, Sergio"]
[Black "Dotta, Juan Carlos"]
[Result "1-0"]
[WhiteElo "2280"]
[BlackElo "2280"]

1.Nf3 d5 2.c4 d4 3.b4 Bg4 4.Ne5 Bf5 5.Qa4+ Bd7 6.Nxd7 Qxd7 7.Qb3 Nc6 8.b5 Ne5
9.d3 e6 10.g3 Bc5 11.Bg2 c6 12.Bf4 Ng6 13.bxc6 bxc6 14.Bc1 Nf6 15.Ba3 Bxa3
16.Nxa3 O-O 17.Rb1 Qd6 18.Qa4 Ne7 19.O-O Nd7 20.Qa5 Nc5 21.Rb2 f5 22.Nc2 f4
23.Nb4 Rf5 24.Qa3 a5 25.Nc2 fxg3 26.hxg3 h5 27.e4 Rg5 28.f4 Rxg3 29.e5 Qd8
30.Qxc5 Nf5 31.Qxc6 Rg6 32.Rf3 Nh4 33.Rf2 Nf5 34.Qe4 h4 35.Rf3 Rb8 36.Rb5 Rxb5
37.cxb5 Rg4 38.Qc6 Qe7 39.b6 Ng3 40.Nxd4  1-0

[Event "Buenos Aires"]
[Site "Buenos Aires"]
[Date "1990.??.??"]
[Round "9"]
[White "Quinteros, Miguel A"]
[Black "Smyslov, Vassily"]
[Result "1/2-1/2"]
[WhiteElo "2500"]
[BlackElo "2570"]

1.Nf3 d5 2.c4 c6 3.g3 g6 4.Bg2 Bg7 5.Qa4 dxc4 6.Qxc4 e5 7.b3 Be6 8.Qc3 Nd7
9.d3 h6 10.Bb2 Ne7 11.Nbd2 O-O 12.Nc4 Bxc4 13.bxc4 Nc5 14.Qa3 Qd6 15.O-O Rfd8
16.Rab1 b6 17.Ne1 Nf5 18.Nc2 Qe6 19.Rbd1 Nd4 20.Nxd4 exd4 21.f4 Bf8 22.Bf3 a6
23.Ba1 b5 24.Qc1 b4 25.Rfe1 Bg7 26.e3 Qd7 27.exd4 Bxd4+ 28.Kg2 Rac8 29.Re2 a5
30.Bxd4 Qxd4 31.Qe3 Qxe3 32.Rxe3 Rd4 33.Re5 Nxd3 34.Rxa5 Rcd8 35.c5 Nxf4+
36.gxf4 Rxd1 37.Bxd1 Rxd1 38.Ra6 Kf8 39.Rxc6 Rd2+ 40.Kg3 Rxa2 41.f5 gxf5
42.Rxh6 b3 43.Rb6 Rb2 44.Rb7 Ke8 45.c6 Kd8 46.h4 Rb1 47.h5 f4+ 48.Kf3 Rh1
49.Kxf4  1/2-1/2

[Event "Cannes op2"]
[Site "Cannes"]
[Date "1990.??.??"]
[Round "?"]
[White "Djuric, Stefan"]
[Black "Zolnierowicz, Krzysztof"]
[Result "1-0"]
[WhiteElo "2495"]
[BlackElo "2400"]

1.Nf3 d5 2.c4 e6 3.d4 c5 4.cxd5 exd5 5.Nc3 Nc6 6.Bg5 Be7 7.Bxe7 Ngxe7 8.e3 cxd4
9.Nxd4 O-O 10.Be2 Be6 11.O-O Rc8 12.Nxe6 fxe6 13.Bg4 Rf6 14.Rc1 Ne5 15.Bh3 Nc4
16.Ne4 Rg6 17.Qe2 Nc6 18.b3 Qh4 19.Ng3 Nd6 20.f4 Rf8 21.Rc5 Qe7 22.Rfc1 Rgf6
23.Qd3 g6 24.a3 Kg7 25.b4 a6 26.Bg4 Kh6 27.Be2 Nf5 28.Qc3 d4 29.exd4 Nfxd4
30.a4 Rxf4 31.b5 axb5 32.axb5 Nb4 33.Qe3 Qh4 34.Bf3 Nxf3+ 35.gxf3 Nd5 36.Qxe6 Nf6
37.Qe3 Re8 38.Qd2 Kg7 39.Re1 Rxe1+ 40.Qxe1 Rxf3  1-0

[Event "Cannes op2"]
[Site "Cannes"]
[Date "1990.??.??"]
[Round "?"]
[White "Velikov, Petar"]
[Black "Kallai, Gabor"]
[Result "1/2-1/2"]
[WhiteElo "2495"]
[BlackElo "2420"]

1.Nf3 d5 2.c4 c5 3.g3 d4 4.Bg2 Nc6 5.O-O e5 6.e3 e4 7.Ne1 Nf6 8.d3 Bg4 9.Qd2 Qa5
10.Qc2 Nb4 11.Qd2 Nc6 12.Qc2 Nb4 13.Qd2 Nc6  1/2-1/2

[Event "Cannes op"]
[Site "Cannes"]
[Date "1990.??.??"]
[Round "3"]
[White "Velikov, Petar"]
[Black "Babula, Milan"]
[Result "1-0"]
[WhiteElo "2495"]
[BlackElo "2345"]

1.Nf3 d5 2.c4 d4 3.e3 c5 4.exd4 cxd4 5.g3 Nc6 6.Bg2 g6 7.O-O Bg7 8.d3 e5
9.Re1 Nge7 10.b4 Nxb4 11.Nxe5 O-O 12.Qb3 Bxe5 13.Qxb4 Bf6 14.Nd2 Nc6 15.Qb3 Qb6
16.Ne4 Bg7 17.Qa3 Bd7 18.Bf4 Qd8 19.Bg5 f6 20.Bf4 g5 21.Bd6 Re8 22.Nc5 b6
23.Bd5+ Kh8 24.Ne6 Qc8 25.Nc7 Rxe1+ 26.Rxe1 Rb8 27.Nb5 Ra8 28.Qb2 f5 29.Ba3 h6
30.Qe2 g4 31.Qd2 Kh7 32.h3 h5 33.Qg5 Bh6 34.Qxh5 Be8 35.Bf7 Bxf7 36.Qxf7+ Bg7
37.hxg4 fxg4 38.Kg2  1-0

[Event "JUG-chT Cetinje"]
[Site "Cetinje"]
[Date "1990.??.??"]
[Round "2"]
[White "Pajkovic, Vladimir"]
[Black "Lalic, Bogdan"]
[Result "1/2-1/2"]
[WhiteElo "2425"]
[BlackElo "2475"]

1.Nf3 d5 2.c4 d4 3.a3 g6 4.e3 dxe3 5.fxe3 Bg7 6.d4 Nh6 7.Bd3 Bf5 8.Nc3 O-O
9.O-O c5 10.d5 Nd7 11.Rb1 Bxd3 12.Qxd3 Ng4 13.Ne4 Nde5 14.Qe2 b5 15.b3 Rb8
16.Bd2 Qb6 17.cxb5 Rfd8 18.Nc3 e6 19.dxe6 Qxe6 20.Ng5 Qe7 21.Nh3 c4  1/2-1/2

[Event "JUG-chT Cetinje"]
[Site "Cetinje"]
[Date "1990.??.??"]
[Round "6"]
[White "Marinkovic, Ivan"]
[Black "Karaklajic, Nikola"]
[Result "1/2-1/2"]
[WhiteElo "2470"]
[BlackElo "2375"]

1.Nf3 d5 2.c4 c6 3.Qa4 Nd7 4.cxd5 Nb6 5.Qb3 Qxd5 6.Qc2 Bg4 7.Nc3 Qh5 8.a4 e5
9.a5 Nd7 10.a6 b6 11.d3 Bxf3 12.gxf3 f5 13.f4 Bc5 14.Bg2 Ne7 15.Qb3 Rc8 16.Qe6 Bd4
17.fxe5 Qh4 18.O-O Bxe5 19.f4 Bb8 20.e4 Qf6 21.Qxf6 Nxf6 22.e5 Nfd5 23.Nxd5 Nxd5
24.Bd2 Kd7 25.Rac1 Rhe8 26.h4 Bc7 27.Kf2 b5 28.Ke2 Bb6 29.Bf3 Re6 30.Rh1 Bd4
31.Rc2 Nc7 32.Ra1 Rh6 33.Be3 Ne6 34.Rh1 c5 35.Bd5 Nc7 36.Bb7 Rb8 37.Bxd4 cxd4
38.Rc5 Nxa6 39.Rd5+ Kc7 40.Bxa6 Rxa6 41.Rxd4 Rc8  1/2-1/2

[Event "JUG-chT Cetinje"]
[Site "Cetinje"]
[Date "1990.??.??"]
[Round "7"]
[White "Nutu Gajic, Dana"]
[Black "Maric, Mirjana"]
[Result "1/2-1/2"]
[WhiteElo "2280"]
[BlackElo "2275"]

1.Nf3 d5 2.c4 dxc4 3.e3 Nf6 4.Bxc4 e6 5.O-O c5 6.d4 Be7 7.Qe2 cxd4 8.exd4 O-O
9.Rd1 Nbd7 10.Nc3 Nb6 11.Bb3 Nbd5 12.Bg5 h6 13.Bxf6 Nxc3 14.bxc3 Bxf6 15.Qe4 Qc7
16.Rd3 Bd7 17.Ne5 Bxe5 18.dxe5 Bc6 19.Qf4 Kh8 20.Re1 Rae8 21.Qg4 f6 22.Bxe6 fxe5
23.Bb3 Rf4 24.Qg3 Ref8 25.Rd2 R8f5 26.Qd3 e4 27.Qd8+ Qxd8 28.Rxd8+ Rf8 29.Rxf8+ Rxf8
30.Rd1 g6 31.Rd6 Kg7 32.Kf1 Rf6 33.Rd8 Rf8 34.Rd4 Rf5 35.Ke2 Rh5 36.h3 Rc5
37.c4 Rg5 38.g3 Rf5 39.Bc2 Ra5 40.Bb3 Rf5 41.h4 Rf3 42.Rd6 Rf6 43.Rxf6  1/2-1/2

[Event "Chartres op"]
[Site "Chartres"]
[Date "1990.??.??"]
[Round "6"]
[White "Spiridonov, Nikola"]
[Black "Flear, Glenn C"]
[Result "0-1"]
[WhiteElo "2405"]
[BlackElo "2470"]

1.Nf3 d5 2.c4 d4 3.g3 g6 4.Bg2 Bg7 5.d3 e5 6.O-O Ne7 7.Nbd2 O-O 8.b4 Nd7
9.Nb3 Rb8 10.b5 b6 11.a4 Bb7 12.Ba3 Re8 13.a5 c5 14.bxc6 Bxc6 15.Bd6 Ra8
16.axb6 axb6 17.Nfd2 Bxg2 18.Kxg2 Qc8 19.Rxa8 Qxa8+ 20.Kg1 Nc8 21.c5 Nxd6
22.cxd6 Qd5 23.Qc2 Qxd6 24.Ra1 Nf6 25.Qc4 Bh6 26.Ra7 Re7 27.Qc8+ Kg7 28.Rxe7 Qxe7
29.Qb8 Qb4 30.f4 exf4 31.gxf4 Qe7 32.Qxb6 Bxf4 33.Nf1 Qxe2 34.Qxd4 Be5 35.Qb4 Qxd3
36.Qd2  0-1

[Event "Copenhagen op"]
[Site "Copenhagen"]
[Date "1990.??.??"]
[Round "1"]
[White "Bang, Andreas"]
[Black "Smagin, Sergey"]
[Result "0-1"]
[WhiteElo "2345"]
[BlackElo "2520"]

1.Nf3 d5 2.c4 e6 3.d4 Nf6 4.Nc3 c6 5.Bg5 Nbd7 6.Qc2 h6 7.Bxf6 Nxf6 8.e3 Be7
9.O-O-O Qa5 10.Kb1 O-O 11.Ne5 c5 12.h4 dxc4 13.Bxc4 cxd4 14.exd4 b5 15.Nc6 Qc7
16.Nxe7+ Qxe7 17.Nxb5 Bb7 18.f3 Rfc8 19.Qb3 Bd5 20.Rc1 Rab8 21.Bxd5 Rxc1+
22.Rxc1 Nxd5 23.Qa3 Qd7 24.Nc3 Ne3 25.Qc5 Qb7 26.b3 Nxg2 27.d5 Nf4 28.dxe6 Nd3
29.exf7+ Qxf7 30.Qd6 Rxb3+ 31.Ka1 Nxc1 32.axb3 Kh7 33.Nd5 Nxb3+ 34.Kb2 Nd2
35.Kc2 Nc4 36.Qc5  0-1

[Event "Obro-B"]
[Site "Copenhagen"]
[Date "1990.??.??"]
[Round "3"]
[White "Bang, Andreas"]
[Black "Fedder, Steen"]
[Result "1/2-1/2"]
[WhiteElo "2345"]
[BlackElo "2400"]

1.Nf3 d5 2.c4 d4 3.g3 g6 4.Bg2 Bg7 5.O-O e5 6.d3 Ne7 7.Nbd2 a5 8.Rb1 O-O
9.Ne1 Ra7 10.b3 Bd7 11.a3 Bc6 12.b4 Bxg2 13.Kxg2 axb4 14.axb4 Nd7 15.Nc2 Nb6
16.Nb3 Na4 17.Bd2 c6 18.Ra1 b5 19.Nc5 Qa8 20.Nxa4 Rxa4 21.c5 Nd5 22.Qb1 Rxa1
23.Qxa1 Qb7 24.Qb2 Ra8 25.Ra1 Rxa1 26.Qxa1  1/2-1/2

[Event "Copenhagen Johansen"]
[Site "Copenhagen"]
[Date "1990.??.??"]
[Round "3"]
[White "Bang, Andreas"]
[Black "Bykhovsky, Avigdor"]
[Result "0-1"]
[WhiteElo "2345"]
[BlackElo "2480"]

1.Nf3 d5 2.c4 e6 3.g3 g6 4.Bg2 Bg7 5.O-O Ne7 6.cxd5 exd5 7.d4 O-O 8.Nc3 Nbc6
9.Bg5 h6 10.Bxe7 Nxe7 11.e3 c6 12.Ne1 Nf5 13.Nd3 a5 14.a3 Qe7 15.b4 axb4
16.axb4 Nxe3 17.fxe3 Qxe3+ 18.Nf2 Rxa1 19.Qxa1 Bxd4 20.Nd1 Qd2 21.Qa3 Re8
22.Qf3 Qxb4 23.Kh1 Re1 24.Qf4 Rxf1+ 25.Bxf1 g5 26.Qb8 Qf8 27.Bg2 Kg7 28.Bf3 Qe8
29.h3 Be5 30.Qa8 Bxg3 31.Bg4 f5 32.Bxf5 Qe2 33.Kg2 Bxf2 34.Nxf2 Bxf5 35.Qxb7+ Kf8
36.Qb8+ Ke7 37.Qb4+ Ke6 38.Qd4 Be4+ 39.Kh2 Qf3 40.Nxe4 Qxe4  0-1

[Event "Copenhagen op"]
[Site "Copenhagen"]
[Date "1990.??.??"]
[Round "6"]
[White "Mednis, Edmar John"]
[Black "Fedder, Steen"]
[Result "1-0"]
[WhiteElo "2440"]
[BlackElo "2400"]

1.Nf3 d5 2.c4 c6 3.g3 Nf6 4.Qb3 g6 5.Bg2 Bg7 6.O-O O-O 7.d4 e6 8.Bg5 Nbd7
9.Nbd2 Qa5 10.Qc2 c5 11.cxd5 Nxd5 12.Nb3 Qb5 13.dxc5 h6 14.a4 Qa6 15.Bd2 e5
16.e4 N5f6 17.Bb4 Re8 18.Nfd2 Qc6 19.Rfc1 b6 20.cxb6 Qxc2 21.Rxc2 axb6 22.Nc4 Ba6
23.Nbd2 Rec8 24.b3 Bxc4 25.Rxc4 Bf8 26.Rxc8 Rxc8 27.Bxf8 Kxf8 28.Nc4 Rb8
29.f3 Nc5 30.b4 Nd3 31.Bf1 Nxb4 32.Nxe5 Re8 33.Nc4 Nd7 34.Rb1 Nc6 35.Nxb6  1-0

[Event "Copenhagen Johansen"]
[Site "Copenhagen"]
[Date "1990.??.??"]
[Round "6"]
[White "Bang, Andreas"]
[Black "Weyrich, Morten"]
[Result "1/2-1/2"]
[WhiteElo "2345"]
[BlackElo "2330"]

1.Nf3 d5 2.c4 e6 3.d4 c6 4.Qc2 Nf6 5.Bg5 Be7 6.e3 Nbd7 7.Nc3 b6 8.cxd5 exd5
9.Bd3 Bb7 10.O-O O-O 11.Ne5 h6 12.Bxf6 Bxf6 13.f4 Qe7 14.Qf2 c5 15.Bf5 Bxe5
16.fxe5 Rad8 17.Qf3 Rfe8 18.Nxd5 Bxd5 19.Qxd5 Nf8 20.Qc4 Qg5 21.Rae1 cxd4
22.exd4 Qd2 23.e6 fxe6 24.Bxe6+ Nxe6 25.Rxe6 Rxe6 26.Qxe6+ Kh8 27.Qe7 Qxd4+
28.Kh1 Qf6 29.Qxf6 gxf6 30.h3 Rd2 31.Rxf6 Rxb2 32.a4 Kg7 33.Rc6 a5 34.Kh2 Rb3
35.h4 Rb4 36.Kh3 h5 37.Kg3 Rd4 38.Rxb6 Rb4 39.Ra6 Rxa4 40.Kh3 Rg4  1/2-1/2

[Event "Obro-B"]
[Site "Copenhagen"]
[Date "1990.??.??"]
[Round "9"]
[White "Fedder, Steen"]
[Black "Poulsen, Allan"]
[Result "0-1"]
[WhiteElo "2400"]
[BlackElo "2305"]

1.Nf3 d5 2.c4 e6 3.g3 c5 4.Bg2 Nc6 5.O-O Nf6 6.d4 Be7 7.Nc3 O-O 8.cxd5 exd5
9.Bg5 cxd4 10.Nxd4 h6 11.Be3 Re8 12.Qb3 Na5 13.Qc2 Bg4 14.Rad1 Bb4 15.Rd3 Rc8
16.Bc1 Nc6 17.Re1 Bxc3 18.Qxc3 Ne5 19.Qb3 Nxd3 20.Qxd3 Qa5 21.Bd2 Qxa2 22.h3 Be6
23.Bc3 Qc4 24.Nxe6 Qxd3 25.exd3 fxe6 26.f4 Kf7 27.Ra1 a6 28.Kf2 d4 29.Bxd4 Rc2+
30.Kf1 Rd8 31.Bxf6 Kxf6 32.Bxb7 Rb8  0-1

[Event "Daugavpils"]
[Site "Daugavpils"]
[Date "1990.??.??"]
[Round "?"]
[White "Rausis, Igors"]
[Black "Zhuravliov, Valerij"]
[Result "1/2-1/2"]
[WhiteElo "2470"]
[BlackElo "2460"]

1.Nf3 d5 2.c4 e6 3.d4 Nf6 4.Nc3 c5 5.cxd5 Nxd5 6.e4 Nxc3 7.bxc3 cxd4 8.cxd4 Bb4+
9.Bd2 Bxd2+ 10.Qxd2 O-O 11.Bc4 Nc6 12.O-O b6 13.Rad1 Bb7 14.Qf4 Qf6 15.Qe3 Rfd8
16.e5 Qh6 17.Ng5 Nb4 18.f4 Rac8 19.Rc1 Bd5 20.Bxd5 Nxd5 21.Qf3 g6 22.g3 Qf8
23.Qb3 Qb4 24.Qxb4 Nxb4 25.Ne4 Nxa2 26.Ra1 Nc3 27.Nxc3 Rxc3 28.Rxa7 Rxd4
29.Rb7 b5 30.Rf2 Rb3 31.Rc2 Rc4 32.Rd2 Rc8 33.Kg2 h6 34.Kh3 Kg7 35.Rdd7 Rf8
36.Rd6 Re8 37.Rdd7 Rf8 38.Rd6 Re8 39.Rdd7 Rf8 40.Rd6 Re8  1/2-1/2

[Event "Espoo"]
[Site "Espoo"]
[Date "1990.??.??"]
[Round "3"]
[White "Kochyev, Alexander"]
[Black "Henttinen, Markku IO"]
[Result "1-0"]
[WhiteElo "2450"]
[BlackElo "2300"]

1.Nf3 d5 2.c4 c6 3.d4 Nf6 4.e3 e6 5.Bd3 Nbd7 6.O-O dxc4 7.Bxc4 b5 8.Bd3 a6
9.a4 Bb7 10.e4 Be7 11.Nbd2 Nc5 12.dxc5 Qxd3 13.Ra3 Qd8 14.Qc2 Nd7 15.axb5 axb5
16.b4 Rxa3 17.Bxa3 e5 18.Bb2 Qc7 19.Qc3 f6 20.Qb3 Nf8 21.Ra1 Bc8 22.Ra8 Bd8
23.Nf1 Be6 24.Qa3 Nd7 25.Qa6 O-O 26.Ra7 Nb8 27.Rxc7 Nxa6 28.Rxc6 Nc7 29.Ne3 Kf7
30.g4 Bd7 31.Rd6 Ke8 32.g5 Ne6 33.Nd5 Rf7 34.h4 Bc8 35.h5 Ra7 36.h6 fxg5
37.hxg7 Rxg7 38.Nxe5 Ra7 39.Nc6 Ra2 40.Nxd8 Nxd8 41.Nc7+ Kf7 42.Rxd8  1-0

[Event "Forli op"]
[Site "Forli"]
[Date "1990.??.??"]
[Round "1"]
[White "Cvitan, Ognjen"]
[Black "Votruba, Pavel"]
[Result "1-0"]
[WhiteElo "2525"]
[BlackElo "2315"]

1.Nf3 d5 2.c4 e6 3.d4 c6 4.e3 Nd7 5.Nc3 f5 6.Qc2 a6 7.g3 Bd6 8.b3 Ngf6 9.Bg2 O-O
10.O-O Qe7 11.Bb2 b6 12.a4 Bb7 13.a5 b5 14.c5 Bc7 15.Ne2 Ne4 16.b4 e5 17.Nxe5 Nxe5
18.dxe5 Bxe5 19.Bxe5 Qxe5 20.f4 Qf6 21.Bxe4 fxe4 22.Nd4 Rae8 23.Qg2 Bc8 24.h3 Bd7
25.g4 h5 26.Qg3 hxg4 27.hxg4 Qg6 28.Ra2 Qxg4 29.Qxg4 Bxg4 30.Nxc6 Bh3 31.Rc1 Rf6
32.Nd4 Rg6+ 33.Kh2 Kf7 34.Rg1 Bg4 35.Rg3 Rh8+ 36.Kg1 Bf3 37.Rxg6 Rh1+ 38.Kf2 Rh2+
39.Kg3 Rxa2 40.Rxa6  1-0

[Event "Forli op"]
[Site "Forli"]
[Date "1990.??.??"]
[Round "3"]
[White "Barbero, Gerardo F"]
[Black "Votruba, Pavel"]
[Result "1/2-1/2"]
[WhiteElo "2450"]
[BlackElo "2315"]

1.Nf3 d5 2.c4 e6 3.b3 Be7 4.Bb2 Bf6 5.Nc3 c5 6.e3 Nc6 7.d3 Nge7 8.Be2 O-O
9.O-O b6 10.Qd2 Bb7 11.Rfd1 Ng6 12.cxd5 exd5 13.d4 cxd4 14.Nxd4 Nxd4 15.exd4 Bg5
16.Qc2 Nf4 17.Bf3 Ne6 18.Bg4 Re8 19.Bc1 Nxd4 20.Qd3 Bf6 21.Rb1 Qc7 22.Be3 Qxc3
23.Qxc3 Ne2+ 24.Bxe2 Bxc3 25.Bf3 Rad8 26.Rd3 Bf6 27.Rbd1 d4 28.Bxb7  1/2-1/2

[Event "Troll Masters"]
[Site "Gausdal"]
[Date "1990.??.??"]
[Round "6"]
[White "Hodgson, Julian M"]
[Black "Haugli, Petter"]
[Result "1/2-1/2"]
[WhiteElo "2540"]
[BlackElo "2395"]

1.Nf3 d5 2.c4 e6 3.b3 Nf6 4.g3 Be7 5.Bg2 O-O 6.O-O c5 7.e3 Nc6 8.Bb2 d4 9.exd4 cxd4
10.Re1 Ne8 11.d3 f6 12.Na3 e5 13.Nc2 Nc7 14.a3 a5 15.Rb1 Be6 16.Bc1 Qd7 17.Bd2 Bf5
18.Bc1 Rab8 19.Qd2 b5  1/2-1/2

[Event "BL2-N8990"]
[Site "Germany"]
[Date "1990.??.??"]
[Round "?"]
[White "Eng, Holger"]
[Black "Hedke, Fred"]
[Result "0-1"]
[WhiteElo "2325"]
[BlackElo "2290"]

1.Nf3 d5 2.c4 e6 3.Nc3 Nf6 4.d4 Be7 5.Bg5 O-O 6.e3 h6 7.Bxf6 Bxf6 8.Rc1 b6
9.cxd5 exd5 10.Be2 Re8 11.b4 a6 12.O-O c6 13.Na4 Bb7 14.Nb2 Qd6 15.Qb3 Nd7
16.Nd3 Ra7 17.Rc2 b5 18.Nc5 Nxc5 19.Rxc5 Qf8 20.Rc2 a5 21.bxa5 Rxa5 22.Rfc1 Qa3
23.Ne1 Rea8 24.Nd3 Be7 25.Ne5 Qxb3 26.axb3 Ra2 27.g3 Bf6 28.Nd3 Be7 29.Rxa2 Rxa2
30.Bg4 Ba3 31.Rb1 Bd6 32.Kf1 Kf8 33.Nc1 Ra8 34.Ke2 Ke7 35.Kd2 Ba3 36.Nd3 Bd6
37.Kc2 Ra2+ 38.Rb2 Ra1 39.b4 Kd8 40.Be2 Bc8 41.Nc5 Bxc5 42.dxc5 Rh1 43.Bf3 Rxh2
44.Kd3 g5 45.Ra2 g4 46.Bd1 h5 47.e4 h4 48.Ra8 hxg3 49.fxg3 dxe4+ 50.Kxe4 f5+
51.Ke5 Rb2 52.Ra7 Rxb4 53.Bc2 Rc4 54.Bb3 Rxc5+ 55.Kd6 Rc3 56.Ba2 Rxg3 57.Rh7 Rd3+
58.Kxc6 Bd7+ 59.Kb6 g3 60.Rh8+ Ke7 61.Rg8 f4 62.Bb1 Rd2 63.Be4 b4 64.Rg7+ Kf6
65.Rg8 b3 66.Kc7 Be6 67.Ra8 g2 68.Bxg2 Rxg2 69.Ra4 Rg4 70.Kd8 f3 71.Ra6 f2
72.Ra1 b2 73.Rf1 Rf4 74.Kc7 Bc4 75.Rb1 f1=Q 76.Rxb2 Qa1 77.Rb6+ Be6 78.Kb7 Rd4
79.Kc6 Qa8+ 80.Rb7 Rc4+ 81.Kd6 Qf8+  0-1

[Event "NRW-Liga I 8990"]
[Site "Germany"]
[Date "1990.??.??"]
[Round "?"]
[White "Hollermann, Thomas"]
[Black "Gerusel, Mathias"]
[Result "0-1"]
[WhiteElo "2240"]
[BlackElo "2355"]

1.Nf3 d5 2.c4 c6 3.g3 dxc4 4.Qc2 b5 5.a4 Bb7 6.Nc3 a6 7.Bg2 e6 8.O-O Nf6
9.Rd1 Nbd7 10.d3 cxd3 11.Rxd3 Qb6 12.Ng5 h6 13.Be3 Qa5 14.Nge4 Nd5 15.Nxd5 cxd5
16.Rad1 b4 17.Nd2 Rc8 18.Qb1 Qxa4 19.b3 Qb5 20.Qb2 Nf6 21.Bd4 Be7 22.Rf3 Qc6
23.Nf1 Qc2 24.Qa1 O-O 25.Ne3 Qg6 26.Qa5 Rc6 27.Bxf6 gxf6 28.Rf4 f5 29.Bxd5 Rc5
30.Qxc5 Bxc5 31.Bxb7 Bxe3 32.fxe3 a5 33.e4 fxe4 34.Bxe4 Qg5 35.Rc1 e5 36.Rc5 exf4  0-1

[Event "BL2-N8990"]
[Site "Germany"]
[Date "1990.??.??"]
[Round "?"]
[White "Schirm, Friedmar"]
[Black "Franke, Reiner"]
[Result "1-0"]
[WhiteElo "2285"]
[BlackElo "2290"]

1.Nf3 d5 2.c4 c6 3.g3 Nf6 4.Bg2 dxc4 5.Qc2 Qd5 6.O-O Bf5 7.Qc3 e6 8.b3 cxb3
9.d3 Qb5 10.axb3 Bb4 11.Qb2 Nbd7 12.Nd4 Qb6 13.Be3 Qd8 14.Nxf5 exf5 15.Bxa7 O-O
16.Bd4 Qe7 17.Nc3 Bc5 18.Bxc5 Qxc5 19.b4 Qd4 20.b5 cxb5 21.Rab1 Nb6 22.Nxb5 Qxb2
23.Rxb2 Nbd5 24.Nd6 f4 25.Rxb7 Ra2 26.Bf3 g5 27.Rb5  1-0

[Event "BL2-W8990"]
[Site "Germany"]
[Date "1990.??.??"]
[Round "?"]
[White "Dresen, Ulrich"]
[Black "Rottstaedt, Werner"]
[Result "1/2-1/2"]
[WhiteElo "2305"]
[BlackElo "2265"]

1.Nf3 d5 2.c4 e6 3.g3 Nf6 4.Bg2 Be7 5.O-O O-O 6.b3 a5 7.Bb2 a4 8.Na3 c6 9.d3 Nbd7
10.Nc2 Qc7 11.b4 Re8 12.a3 dxc4 13.dxc4 e5 14.Ne3 Bf8 15.Qc2 Nb6 16.Ng5 h6
17.Ne4 Ng4 18.Bc1 Nxe3 19.Bxe3 Be6 20.Nd2 Nd7 21.c5 Nf6 22.Nc4 Red8 23.Nb6 Ra6
24.Nc4 Nd5 25.Bd2 b5 26.cxb6 Nxb6 27.Nxb6 Qxb6 28.Be3 Qb5 29.Rac1 Bd5 30.Bh3 Bb3
31.Qb2 g6 32.Bc5 Bg7 33.e4 Qd3 34.Rfe1 Qd2 35.Re2 Qxb2 36.Rxb2 Raa8 37.Be3 Rd6
38.Rd2 Rad8 39.Rxd6 Rxd6 40.Bf1 f5 41.Bg2 f4 42.Bc5 Rd2 43.Bf1 Ra2 44.b5 cxb5
45.Bb4 fxg3 46.hxg3 Rc2 47.Rxc2 Bxc2 48.Bxb5 Bf8  1/2-1/2

[Event "Gistrup"]
[Site "Gistrup"]
[Date "1990.??.??"]
[Round "4"]
[White "Griffin, Douglas"]
[Black "Sorensen, Bent"]
[Result "1-0"]
[WhiteElo "2280"]
[BlackElo "2320"]

1.Nf3 d5 2.c4 e6 3.d4 c6 4.Qc2 Nf6 5.g3 Be7 6.Bg2 O-O 7.O-O Nbd7 8.b3 Ne4
9.Bb2 f5 10.Nc3 g5 11.e3 Qe8 12.Ne1 g4 13.Nd3 Bd6 14.Ne2 Rf6 15.Nef4 Rh6
16.f3 gxf3 17.Bxf3 Ndf6 18.Rae1 Qe7 19.Re2 Bd7 20.Rg2 Kh8 21.Ne5 Rg8 22.Qd1 Be8
23.Qe1 Bh5 24.Nxh5 Nxh5 25.Bxe4 dxe4 26.d5 Bxe5 27.Bxe5+ Nf6 28.Qc3 Rf8 29.g4 fxg4
30.d6 Qd8 31.Rgf2 Kg7 32.Rxf6 Rhxf6 33.Rxf6 Rxf6 34.d7 Qxd7 35.Bxf6+ Kg6
36.Qd4 Qf7 37.Bh4 Qf3 38.Qd7 Qxe3+ 39.Bf2 Qc1+ 40.Kg2 Qf4 41.Qxe6+ Kh5 42.Qd7 Kg6
43.Qd4 Qf3+ 44.Kg1 a6 45.Qe3 Qd1+ 46.Kg2 Qb1 47.Kg3 h5 48.Kf4 Qxa2 49.Qxe4+ Kf7
50.Qf5+ Ke7 51.Bh4+ Ke8 52.Qe6+ Kf8 53.Be7+  1-0

[Event "Groningen op"]
[Site "Groningen"]
[Date "1990.??.??"]
[Round "4"]
[White "Rashkovsky, Nukhim N"]
[Black "Kuijf, Marinus"]
[Result "1/2-1/2"]
[WhiteElo "2530"]
[BlackElo "2445"]

1.Nf3 d5 2.c4 c6 3.b3 Bg4 4.e3 e6 5.Be2 Bd6 6.Bb2 Nf6 7.O-O O-O 8.Nc3 Re8
9.h3 Bh5 10.cxd5 exd5 11.Nh4 Bxe2 12.Nxe2 Nbd7 13.f4 Ne4 14.Nf5 Bf8 15.d3 Nd6
16.Nxd6 Bxd6 17.Ng3 Bc5 18.Kh1 Bxe3 19.Nf5 d4 20.Qg4 g6 21.Nh6+ Kg7 22.Nf5+ Kg8
23.Nh6+ Kf8 24.f5 Nf6 25.fxg6 hxg6 26.Ba3+ Kg7 27.Nf5+ Kg8 28.Qg3 Nh5 29.Qf3 Qd7
30.g4 gxf5 31.gxh5 f4 32.Qg4+ Qxg4 33.hxg4 Rad8 34.Kg2 Kh7 35.Kf3 Kh6 36.Rad1 Kg5
37.Rh1 Rd7 38.h6 Kg6 39.Rh5 Rh8 40.Rdh1 f6 41.Rf5 Rd5 42.Rxd5 cxd5 43.Be7 Rh7
44.Bd8 Rh8 45.Be7 Rc8 46.Rh2 Kf7 47.h7 Rh8 48.Bd6 Kg6 49.Be7 Kf7 50.Bd6 Kg6
51.Be7  1/2-1/2

[Event "Hastings Challengers9091"]
[Site "Hastings"]
[Date "1990.??.??"]
[Round "?"]
[White "Mestel, A Jonathan"]
[Black "Martin, Andrew D"]
[Result "1-0"]
[WhiteElo "2505"]
[BlackElo "2415"]

1.Nf3 d5 2.c4 c6 3.d4 Nf6 4.Nc3 dxc4 5.a4 a5 6.e4 Bg4 7.e5 Nd5 8.Bxc4 e6
9.O-O Nd7 10.Ne4 Be7 11.Bg5 f6 12.exf6 gxf6 13.Bh4 Qb6 14.Re1 O-O 15.h3 Bh5
16.Nc3 Qxb2 17.Nxd5 cxd5 18.Bxd5 exd5 19.Rxe7 Bxf3 20.Qxf3 Qxa1+ 21.Kh2 Qb1
22.Qxd5+ Kh8 23.Qxd7 Qg6 24.d5 Rad8 25.Qe6 Qh6 26.Bg3 Qg5 27.d6 Qg8 28.Qe4 Qg6
29.Qxg6 hxg6 30.d7 Kg8 31.Bc7 Ra8 32.Bb6 Rfb8 33.Bxa5 Kf8 34.Bb4 Kg8 35.a5 Rd8
36.Bc5 Kf8 37.h4 Kg8 38.g4 Kh8 39.Bd4  1-0

[Event "Hastings Challengers9091"]
[Site "Hastings"]
[Date "1990.??.??"]
[Round "?"]
[White "Szekely, Peter"]
[Black "Krasenkow, Michal"]
[Result "1/2-1/2"]
[WhiteElo "2420"]
[BlackElo "2535"]

1.Nf3 d5 2.c4 d4 3.g3 Nc6 4.Bg2 e5 5.O-O Nf6 6.d3 Nd7 7.e3 Nc5 8.b4 Nxb4
9.Nxe5 Bd6 10.a3 Bxe5 11.axb4 Ne6 12.e4 c6 13.Nd2 Nc7 14.Nb3 O-O 15.f4 Bd6
16.Bd2 Be7 17.Kh1 Na6 18.Qe1 f5 19.Rb1 Re8 20.e5 Rb8 21.Rb2 Be6 22.Na5 Qd7
23.Qf2 Red8 24.Ra1 Nc7 25.Nb3 a6 26.Nc5 Qc8 27.Nxe6 Qxe6 28.Qf3 g6 29.h4  1/2-1/2